Risk-Based Auditing (Record no. 16952)

MARC details
000 -LEADER
fixed length control field 00420nam a22001577a 4500
008 - FIXED-LENGTH DATA ELEMENTS--GENERAL INFORMATION
fixed length control field 180710b xxu||||| |||| 00| 0 eng d
020 ## - INTERNATIONAL STANDARD BOOK NUMBER
International Standard Book Number 0566086526
050 ## - LIBRARY OF CONGRESS CALL NUMBER
Classification number HF5668.25
Item number .G74 2005 c.1
100 ## - MAIN ENTRY--PERSONAL NAME
Personal name Griffiths, Phil
245 ## - TITLE STATEMENT
Title Risk-Based Auditing
Statement of responsibility, etc. Phil Griffiths
260 ## - PUBLICATION, DISTRIBUTION, ETC. (IMPRINT)
Place of publication, distribution, etc. London
Name of publisher, distributor, etc. Routledge
Date of publication, distribution, etc. 2005
300 ## - PHYSICAL DESCRIPTION
Extent vii, 220p.
650 ## - SUBJECT ADDED ENTRY--TOPICAL TERM
Topical term or geographic name as entry element Auditing Internal
650 ## - SUBJECT ADDED ENTRY--TOPICAL TERM
Topical term or geographic name as entry element Risk Management
942 ## - ADDED ENTRY ELEMENTS (KOHA)
Source of classification or shelving scheme Library of Congress Classification
Koha item type General Collection
Holdings
Withdrawn status Lost status Source of classification or shelving scheme Not for loan Home library Current library Date acquired Cost, normal purchase price Total Checkouts Total Renewals Full call number Barcode Date last seen Date last checked out Price effective from Koha item type
    Library of Congress Classification   Kabarak, Main Campus Kabarak, Main Campus 10/07/2018 18083.00 3 1 HF5668.25 .G74 2005 c.1 024380 02/11/2018 16/10/2018 10/07/2018 General Collection
Designed with assistance from East African Informatics Ltd